LEADER 00976nam a2200277 i 4500 001 000000221985 003 CaOOAMICUS 005 20130827000000.0 008 130827s2010 it u000 u ita u 013 $a200882 020 $a978-88-514-0808-4 040 $aSeMil$bita 100 1 $aRimaud, Didier .$0(OLS)http://semarc/name/90820 245 10$aAngeli e cicale /$cDidier Rimaud. 260 $aMilano :$bÀncora,$c2010. 300 $a158 p. ;$c19 cm. 490 0 $aL'obḷ 500 $aFondo card. C. M. Martini. 830 2$aL'obḷ.$0(OLS)http://semarc/title/38352 850 $aSeMil 852 $aSeMil$W1$xVenegono$y1$m1V IV 150$j172334$B172334$CSeMilBibl$Z2$F187483 $81 941 1 $a4 961 $aLascito: Martini Card. Carlo Maria 996 $6020$a978-88-514-0808-4$9(OLS)http://semarc/number/221292 996 $6245$aAngeli e cicale$9(OLS)http://semarc/title/318270 996 $6260$aMilano :$bÀncora$9(OLS)http://semarc/publisher/29763 LEADER 01170nam a2200277 i 4500 001 000000209870 003 CaOOAMICUS 005 20190412084540.0 008 120105s2009 it u000 u ita u 013 $a188661 020 $a978-88-420-8932-2 040 $aSeMil$bita 100 1 $aGranieri, Giuseppe,$d<1968- >.$0(OLS)http://semarc/name/75216 245 10$aUmanità accresciuta :$bcome la tecnologia ci sta cambiando /$cGiuseppe Granieri. 260 $aRoma ; Bari :$bLaterza,$c2009. 300 $a165 p. ;$c19 cm. 490 0 $aSaggi tascabili Laterza ;$v323 500 $aContiene : Bibliografia. 650 4$aInternet - Diffusione - Aspetti sociali.$0(OLS)http://semarc/subject/39467 830 0$aSaggi tascabili Laterza ;$v323.$0(OLS)http://semarc/title/6926 850 $aSeMil 852 $aSeMil$W1$xVenegono$y1$m3M II 332$j213087$B160321$CSeMilBibl$Z2$F173050 $81 996 $6020$a978-88-420-8932-2$9(OLS)http://semarc/number/204670 996 $6245$aUmanità accresciuta :$bcome la tecnologia ci sta cambiando$9(OLS)http://semarc/title/303402 996 $6260$aRoma ; Bari :$bLaterza$9(OLS)http://semarc/publisher/30305